000 00457nam a2200181Ia 4500
001 14924
005 20260306164950.0
008 260306t1997||||xx |||||||||||||| ||spa||
041 _aESP
082 _a519.5
_bM84
100 _aMontiel Torres A. M.
_eAUT
245 0 _aElementos básicos de estadística económica y empresarial
260 _c1997
300 _a448 páginas :
_c24 cm.
650 _aGEN
654 _aCMA
942 _cLIB
_dJUS
_fJUS
_2ddc
_n
999 _c14924
_d14924